Pre-contract practice and contract administration for the building team (Record no. 101737)

MARC details
000 -LEADER
fixed length control field 01462cam a2200361 4500
008 - FIXED-LENGTH DATA ELEMENTS--GENERAL INFORMATION
fixed length control field 011019n2003 000 0 eng u
020 ## - INTERNATIONAL STANDARD BOOK NUMBER
International Standard Book Number 0632054859
035 ## - SYSTEM CONTROL NUMBER
System control number (Sirsi) u115224
041 ## - LANGUAGE CODE
Language code of text/sound track or separate title eng.
050 ## - LIBRARY OF CONGRESS CALL NUMBER
Classification number 692.8
110 ## - MAIN ENTRY--CORPORATE NAME
Corporate name or jurisdiction name as entry element Aqua Group
9 (RLIN) 865
245 ## - TITLE STATEMENT
Title Pre-contract practice and contract administration for the building team
250 ## - EDITION STATEMENT
Edition statement 9th ed.
260 ## - PUBLICATION, DISTRIBUTION, ETC.
Place of publication, distribution, etc. Oxford
Name of publisher, distributor, etc. Blackwell
Date of publication, distribution, etc. 2003
300 ## - PHYSICAL DESCRIPTION
Extent xiv, 256
Dimensions 25cm.
350 ## - PRICE (NR) (BK AM CF MU VM SE) [OBSOLETE]
Price 19.99
520 ## - SUMMARY, ETC.
Summary, etc. This combined volume of the Aqua Group books 'Pre-contract Practice' and 'Contract Administration' covers the construction process from inception of the project through to invitation to tender, and placing of the contract through to settlement of the final account. Substantially updated, it takes account of recent key changes to industry practice, JCT 98 and subsequent revisions, and the Construction Act. Also features a new chapter on Capital Allowances.
520 ## - SUMMARY, ETC.
Summary, etc. SUPERSEDED BY 2007 edition (isbn 1405131985)
650 ## - SUBJECT ADDED ENTRY--TOPICAL TERM
Topical term or geographic name entry element BUILT ENVIRONMENT-BUILDING CONTRACT FORMS
650 ## - SUBJECT ADDED ENTRY--TOPICAL TERM
Topical term or geographic name entry element PRE-CONTRACT PROCEDURES
650 ## - SUBJECT ADDED ENTRY--TOPICAL TERM
Topical term or geographic name entry element TENDERS
650 ## - SUBJECT ADDED ENTRY--TOPICAL TERM
Topical term or geographic name entry element COST CONTROL
650 ## - SUBJECT ADDED ENTRY--TOPICAL TERM
Topical term or geographic name entry element INTERIM PAYMENTS
650 ## - SUBJECT ADDED ENTRY--TOPICAL TERM
Topical term or geographic name entry element DELAYS
650 ## - SUBJECT ADDED ENTRY--TOPICAL TERM
Topical term or geographic name entry element FINAL ACCOUNTS
650 ## - SUBJECT ADDED ENTRY--TOPICAL TERM
Topical term or geographic name entry element CAPITAL ALLOWANCES
650 ## - SUBJECT ADDED ENTRY--TOPICAL TERM
Topical term or geographic name entry element Insolvency
9 (RLIN) 6247
650 ## - SUBJECT ADDED ENTRY--TOPICAL TERM
Topical term or geographic name entry element BILLS OF QUANTITIES
690 ## - LOCAL SUBJECT ADDED ENTRY--TOPICAL TERM (OCLC, RLIN)
Topical term or geographic name as entry element BUILT ENVIRONMENT-BUILDING CONTRACT FORMS
700 ## - ADDED ENTRY--PERSONAL NAME
Personal name Hackett, M.
700 ## - ADDED ENTRY--PERSONAL NAME
Personal name Robinson, I.
942 ## - ADDED ENTRY ELEMENTS (KOHA)
Suppress in OPAC 0
Holdings
Withdrawn status Lost status Source of classification or shelving scheme Damaged status Not for loan Home library Current library Shelving location Date acquired Cost, normal purchase price Total Checkouts Full call number Barcode Date last seen Date last checked out Copy number Cost, replacement price Price effective from Koha item type
    Dewey Decimal Classification     London London Books 11/11/2002 16.99 50 692.8 HAC 30066582 06/08/2019 19/10/2009 1 16.99 06/08/2019 Book